| 000 | 00901nam a2200205 a 4500 | ||
|---|---|---|---|
| 001 | 50673 | ||
| 005 | 20180714035826.0 | ||
| 008 | 140415s2006 sp 000 0 spa d | ||
| 020 | _a8445814621 | ||
| 041 | _aspa | ||
| 082 |
_a611.0181 _bJUN |
||
| 100 | 1 | _aJUNQUEIRA, L. C. | |
| 245 | 1 | 0 | _aHISTOLOGIA BASICA |
| 250 | _a6a ed. | ||
| 260 |
_aESPAÑA : _bELSEVIER, _c2006 |
||
| 300 |
_a396 _c21 x 2.2 x 27 |
||
| 520 | _aLA PRESENTE EDICIÓN SE HA ACTUALIZADO CON LOS HALLAZGOS MÁS RECIENTES EN EL CAMPO DE LA BIOLOGÍA CELULAR Y MOLECULAR, Y MANTIENE UN FORMATO ADECUADO Y PRÁCTICO PARA LOS ESTUDIANTES. ESTE ES IGUALMENTE EXQUISITA, DE GRAN BELLEZA CROMÁTICA Y DE GRAN VALOR DOCUMENTAL, IDEAL PARA ENTENDER EL TEXTO Y PARA PREPARAR EXAMENS DE TIPO PRÁCTICO, ES DECIR, DE RECONOCIMIENTO DE MUESTRAS HISTOLÓGICAS. | ||
| 650 | 1 | 4 | _aHISTOLOGIA |
| 700 | 1 |
_aCARNEIRO, JOSE _ecoaut. |
|
| 999 |
_c50673 _d50673 |
||